000 00251nam a22001217a 4500
082 _a822
_bSHA/H
100 _aSHAKESPEARE
245 _aHENRY IV , PART I
260 _aDELHI
_bROHAN BOOK COMPANY
300 _a152
650 _aPLAY
_zDELHI
942 _cBK
999 _c3514
_d3514